000 01125nji a22002777a 4500
005 20100903161258.0
006 a|||||r|||||00| 0
007 sd ammalaaahaa
008 100830t xxu||||| |||| 00| 0 eng d
028 _aN 88247
_bHis Master's Voice
035 _aGR-00553
040 _aSED
_cSED
100 _917455
_aBholey, Jyotsana
245 _aChham cham baje -raag Bhim /
_cby jyotsana Bhole
_h[sound recording] :
246 _aछम छम बजे -राग भीम /ज्योत्सना भोले द्वारा
260 _aDum Dum, India
_bHis Master's Voice
_cn.d.
300 _a1 sound disc [Gramophone Recording]:
_banalog, 33 1/3 rpm
_c9.5 in. (MP)
_fGramophone Record
500 _aBrief Record
505 _aside-2 निस दिन जागे - राग भटियार (Nis din jagey -raag bhatiyar) ( Jyotsna Bhole)
650 _aClassical music
_zIndia
_91186
_xExcerpts
700 _917416
700 _917456
700 _918240
942 _2ddc
_cGR
999 _c43816
_d43816